Stany Kanady - quiz mapowy - Statystyki

Ogólne statystyki
  • Ten quiz został rozwiązany 43 razy
  • Średni wynik to 4 z 13
Statystyki odpowiedzi
Hint Odpowiedź % Poprawnych
Montréal Québec
78%
Ottawa (Toronto) Ontario
65%
Vancouver Kolumbia Brytyjska
38%
Winnipeg Manitoba
38%
Charlottetown Wyspa Księcia Edwarda
38%
Halifax Nowa Szkocja
35%
Whitehorse Jukon
32%
Moncton Nowy Brunszwik
27%
Regina Saskatchewan
24%
Iqualit Nunavut
22%
Yellowknife Terytoria Północno-Zachodnie
16%
St. John's Nowa Fundlandia i Labrador
11%
Edmonton / Calgary Alabama
8%
Nie znaleziono quizów pasujących do podanych kryteriów
Rozkład punktacji
Procent ludzi z każdym wynikiem
Percentyl według liczby udzielonych odpowiedzi
Twoja historia wyników
Nie rozwiązałeś tego quizu